After PGS (Record no. 79527)

MARC details
000 -LEADER
fixed length control field 01224cab a22002295a 4500
001 - CONTROL NUMBER
control field L141586
008 - FIXED-LENGTH DATA ELEMENTS--GENERAL INFORMATION
fixed length control field 071203e2007 xxk 000 0 eng d
035 ## - SYSTEM CONTROL NUMBER
System control number (Sirsi) u141586
041 0# - LANGUAGE CODE
Language code of text/sound track or separate title eng
100 1# - MAIN ENTRY--PERSONAL NAME
Personal name Pemberton, Simon
245 00 - TITLE STATEMENT
Title After PGS
Remainder of title SPC
260 ## - PUBLICATION, DISTRIBUTION, ETC.
Date of publication, distribution, etc. 2007
490 ## - SERIES STATEMENT
Series statement Estates Gazette
Volume/sequential designation (0744) 3 November 2007, 81-82(2)
520 ## - SUMMARY, ETC.
Summary, etc. Considers the future of the Government's plans to tax development value. Plans for a Planning Gain Tax have now been abandoned before its implementation. Questions the purpose of planning gain: whether to tax development value or to overcome local planning harm. Describes the Government's new plan of a statutory planning charge. Outlines its objectives: to finance additional investment; to simplify the planning charge setting; to provide fair means of securing contributions from developers for infrastructure; and to encourage positive planning by local authorities.
590 ## - LOCAL NOTE (RLIN)
Local note KA
650 24 - SUBJECT ADDED ENTRY--TOPICAL TERM
Topical term or geographic name entry element TOWN AND COUNTRY PLANNING ACT 1990 S106
650 24 - SUBJECT ADDED ENTRY--TOPICAL TERM
Topical term or geographic name entry element PLANNING POLICY STATEMENT 3
650 24 - SUBJECT ADDED ENTRY--TOPICAL TERM
Topical term or geographic name entry element DEFRA CIRCULAR 05/2005
651 #4 - SUBJECT ADDED ENTRY--GEOGRAPHIC NAME
Geographic name United Kingdom
Chronological subdivision
690 ## - LOCAL SUBJECT ADDED ENTRY--TOPICAL TERM (OCLC, RLIN)
Topical term or geographic name as entry element ENVIRONMENTAL AND LAND CONSULTANCY-PLANNING AND DEVELOPMENT-DEVELOPMENT CONTROL
942 ## - ADDED ENTRY ELEMENTS (KOHA)
Suppress in OPAC 0
Holdings
Withdrawn status Lost status Source of classification or shelving scheme Damaged status Not for loan Home library Current library Shelving location Date acquired Total Checkouts Full call number Barcode Date last seen Copy number Price effective from Koha item type
    Dewey Decimal Classification     London London Journal article 03/12/2007   L141586 141586-1001 06/08/2019 1 06/08/2019 Journal article